Labor literature / (Record no. 917536)

MARC details
000 -LEADER
fixed length control field 00814nam a2200277 a 4500
001 - CONTROL NUMBER
control field vtls001470099
003 - CONTROL NUMBER IDENTIFIER
control field NLI
005 - DATE AND TIME OF LATEST TRANSACTION
control field 20210627130017.0
008 - FIXED-LENGTH DATA ELEMENTS--GENERAL INFORMATION
fixed length control field 121201m1981uuuudcu b f000 0 eng
039 #9 - LEVEL OF BIBLIOGRAPHIC CONTROL AND CODING DETAIL [OBSOLETE]
-- 201212011856
-- VLOAD
040 ## - CATALOGING SOURCE
Original cataloging agency NLI
Language of cataloging eng
Transcribing agency Datasoft_FOD
Description conventions AACR2
041 0# - LANGUAGE CODE
Language code of text/sound track or separate title eng
044 ## - COUNTRY OF PUBLISHING/PRODUCING ENTITY CODE
MARC country code dcu
082 04 - DEWEY DECIMAL CLASSIFICATION NUMBER
Classification number 016.305562
110 1# - MAIN ENTRY--CORPORATE NAME
Corporate name or jurisdiction name as entry element United States.
Subordinate unit Department of Labor
9 (RLIN) 707174
245 10 - TITLE STATEMENT
Title Labor literature /
Statement of responsibility, etc. United States Department of Labor
260 ## - PUBLICATION, DISTRIBUTION, ETC.
Place of publication, distribution, etc. Washington, D.C. :
Name of publisher, distributor, etc. The Departement,
Date of publication, distribution, etc. 1981-
300 ## - PHYSICAL DESCRIPTION
Extent -v. ;
Dimensions 28 cm.
500 ## - GENERAL NOTE
General note Library has vol. 6
650 #0 - SUBJECT ADDED ENTRY--TOPICAL TERM
Topical term or geographic name entry element Labor and laboring classes
Form subdivision Bibliography
9 (RLIN) 728210
887 ## - NON-MARC INFORMATION FIELD
Content of non-MARC field
901 ## - LOCAL DATA ELEMENT A, LDA (RLIN)
a AD 112554
b 06.10.10
9 v.6, no. 22
902 ## - LOCAL DATA ELEMENT B, LDB (RLIN)
a U.S 016.305562 Un 3
904 ## - LOCAL DATA ELEMENT D, LDD (RLIN)
l F 7337
942 ## - ADDED ENTRY ELEMENTS (KOHA)
Source of classification or shelving scheme Dewey Decimal Classification
Koha item type Books
Holdings
Withdrawn status Lost status Damaged status Not for loan Collection code Home library Current library Shelving location Date acquired Total Checkouts Full call number Date last seen Price effective from Koha item type
          National Library of India National Library of India       U.S 016.305562 Un 3 27/06/2021 27/06/2021 Books
                                                                           
web counter

Copyright ©2020 The National Library of India, Govt. of India ↔ Hosted by NVLI, MOC ↔ Technology and Design by National Library of India, Ministry of Culture, Govt. of India